Effect of pellet compost's duration on green mustart ឥទ្ធិពលនៃអាយុជីកំប៉ុស្ដិ៍គ្រាប់លើដំណាំស្ពៃខៀវ (Record no. 1032)

000 -LEADER
fixed length control field 00551nam a22001577a 4500
003 - CONTROL NUMBER IDENTIFIER
control field OSt
005 - DATE AND TIME OF LATEST TRANSACTION
control field 20150922093027.0
008 - FIXED-LENGTH DATA ELEMENTS--GENERAL INFORMATION
fixed length control field 150922b xxu||||| |||| 00| 0 eng d
040 ## - CATALOGING SOURCE
Transcribing agency RUA
082 ## - DEWEY DECIMAL CLASSIFICATION NUMBER
Classification number AGR TAL 2010 B044 Or.1
100 ## - MAIN ENTRY--PERSONAL NAME
9 (RLIN) 1078
Personal name TAL, MAKARA.
245 ## - TITLE STATEMENT
Title Effect of pellet compost's duration on green mustart ឥទ្ធិពលនៃអាយុជីកំប៉ុស្ដិ៍គ្រាប់លើដំណាំស្ពៃខៀវ
260 ## - PUBLICATION, DISTRIBUTION, ETC. (IMPRINT)
Place of publication, distribution, etc. Phnom Penh
Name of publisher, distributor, etc. RUA
Date of publication, distribution, etc. 2010
300 ## - PHYSICAL DESCRIPTION
Extent ix; 55p.
Other physical details ill.
Dimensions 29cm.
942 ## - ADDED ENTRY ELEMENTS (KOHA)
Source of classification or shelving scheme
Koha item type AGR
Holdings
Price effective from Date last seen Permanent Location Not for loan Date acquired Source of classification or shelving scheme Koha item type Lost status Withdrawn status Total Renewals Date last checked out Total Checkouts Shelving location Damaged status Barcode Current Location Full call number
2015-09-222023-08-11Library Block B 2015-09-22 AGR  12023-08-044B044 RUA000292Library Block BAGR TAL 2010 B044 Or.1
2015-09-222022-12-23Library Block B 2015-09-22 AGR   2022-11-253B044 RUA008426Library Block BAGR TAL 2010 B044 Or.2
មជ្ឈមណ្ឌលឯការនៃសាកលវិទ្យាល័យភូមិន្ទកសិកម្មចំការដូង

Powered by Koha